00474nam a2200085Ia 4500008004100000245003500041300022100076650002800297856006300325170517s9999 xx 000 0 und d aHow the Economic Machine Works aThe economy operates like a very simple apparatus. But most of the people can't fathom it - or they don't assent on how it really functions- and this has produced a lot of unnecessary economic agony. Ray Dalio had... xBusiness and Economics. uhttp://topdocumentaryfilms.com/how-economic-machine-works/